[Event "Aeroflot Open 2008"]
[Site "Moscu RUS"]
[Date "2008.02.17"]
[Round "4.22"]
[White "Melkumyan, Hrant"]
[Black "Khismatullin, Denis"]
[Result "0-1"]
[WhiteElo "2485"]
[BlackElo "2564"]
[PlyCount "199"]
[EventDate "2008.02.14"]
[EventType "swiss"]
[EventRounds "9"]
[EventCountry "RUS"]
[Source "lmi"]
[SourceDate "2008.02.14"]

1. d4 Nf6 2. c4 g6 3. g3 Bg7 4. Bg2 d5 5. cxd5 Nxd5 6. e4 Nb6 7. Ne2 c5 8. d5
e6 9. Nbc3 exd5 10. Nxd5 O-O 11. O-O Nxd5 12. exd5 Bf5 13. Nc3 Na6 14. g4 Bd7
15. d6 Nb4 16. Bxb7 Qh4 17. Bf4 Bxg4 18. Qd2 Bh3 19. Rfe1 Rab8 20. Be4 c4 21.
Bg3 Qf6 22. Rad1 h5 23. Qf4 Qxf4 24. Bxf4 Bd7 25. Be3 Nd3 26. Bxd3 cxd3 27.
Rxd3 Rxb2 28. Bd4 Bxd4 29. Rxd4 Kg7 30. Re7 Bh3 31. Re3 Bf5 32. Na4 Rc2 33. h4
Rd8 34. Nc3 Kf8 35. a3 Rb2 36. Na4 Rc2 37. Nc3 Re8 38. Nd5 Rd8 39. Ne7 Bd7 40.
Rf3 Kg7 41. Rb3 Be6 42. Rb5 Rd7 43. Kg2 Rc3 44. a4 Bc4 45. Rb8 Be6 46. f3 Kf6
47. Rb5 Rc4 48. Rxc4 Bxc4 49. Rb4 Rxd6 50. Rxc4 Kxe7 51. Kg3 Kd7 52. Rb4 Ra6
53. Kf4 Ra5 54. Ke3 Ke6 55. Rc4 Kf6 56. Kf2 Ke5 57. Kg3 Kd6 58. Rb4 Rf5 59. Rb7
a5 60. Ra7 Ke6 61. Ra6+ Ke7 62. Ra7+ Kf6 63. Ra6+ Kg7 64. Rb6 Re5 65. Rb5 Kf6
66. Rb7 Ke6 67. Rb6+ Kf5 68. Ra6 f6 69. Ra8 Rd5 70. Ra6 g5 71. hxg5 fxg5 72.
Ra8 h4+ 73. Kg2 Rd2+ 74. Kh3 Rf2 75. Rf8+ Kg6 76. Rg8+ Kf6 77. Rf8+ Kg7 78. Rf5
Kg6 79. Rf8 Ra2 80. Rg8+ Kh6 81. f4 gxf4 82. Ra8 Rxa4 83. Kxh4 Ra3 84. Kg4 f3
85. Kg3 Kg7 86. Ra6 Kf7 87. Kf2 Ke7 88. Rh6 Kd7 89. Rf6 Kc7 90. Rf5 Kc6 91.
Rf6+ Kd5 92. Rf4 Ke5 93. Rh4 Ke6 94. Re4+ Kd6 95. Rf4 a4 96. Rh4 Ra1 97. Kxf3
a3 98. Kg2 Kc5 99. Ra4 Kb5 100. Rf4 0-1

[Event "Aeroflot Open 2008 A2"]
[Site "Moscu RUS"]
[Date "2008.02.14"]
[Round "1.1"]
[White "Dvoirys, Semen I"]
[Black "Petrosian, Davit Gevorgi"]
[Result "1-0"]
[WhiteElo "2549"]
[BlackElo "2459"]
[PlyCount "51"]
[EventDate "2008.02.14"]
[EventType "swiss"]
[EventRounds "9"]
[EventCountry "RUS"]
[Source "lmi"]
[SourceDate "2008.02.14"]

1. e4 e6 2. d4 d5 3. e5 c5 4. c3 Nc6 5. Nf3 Nh6 6. Bxh6 gxh6 7. Be2 f6 8. O-O
cxd4 9. cxd4 Bg7 10. Nbd2 fxe5 11. Nxe5 Nxe5 12. dxe5 Bxe5 13. Bh5+ Kf8 14. Nc4
Bf6 15. Ne3 Bd7 16. Ng4 Kg7 17. Qb3 Be8 18. Nxf6 Qxf6 19. Qxb7+ Bf7 20. Rae1
Rhb8 21. Qc7 Rc8 22. Qg3+ Qg5 23. Bxf7 Kxf7 24. Qh3 Rc6 25. Re3 Rg8 26. Rf3+
1-0

[Event "Aeroflot Open 2008 A2"]
[Site "Moscu RUS"]
[Date "2008.02.14"]
[Round "1.3"]
[White "Iljin, Artem"]
[Black "Obukhov, Alexander"]
[Result "1-0"]
[WhiteElo "2548"]
[BlackElo "2458"]
[PlyCount "73"]
[EventDate "2008.02.14"]
[EventType "swiss"]
[EventRounds "9"]
[EventCountry "RUS"]
[Source "lmi"]
[SourceDate "2008.02.14"]

1. d4 Nf6 2. c4 e6 3. Nc3 Bb4 4. Qc2 O-O 5. a3 Bxc3+ 6. Qxc3 Ne4 7. Qc2 f5 8.
e3 b6 9. Nh3 Bb7 10. f3 Nf6 11. Be2 a5 12. b3 c5 13. O-O Qe7 14. Bb2 d6 15. Bc3
Nbd7 16. Rfd1 Rac8 17. Qb2 Ba6 18. Be1 d5 19. cxd5 Bxe2 20. d6 Qxd6 21. Qxe2
Nd5 22. e4 fxe4 23. fxe4 Nf4 24. Nxf4 Qxf4 25. Bg3 Qg5 26. d5 e5 27. Rd3 c4 28.
bxc4 Rxc4 29. Rad1 Nc5 30. Rf3 Rxe4 31. Rxf8+ Kxf8 32. Qf3+ Qf6 33. Qh5 Kg8 34.
d6 g6 35. Qh6 Rd4 36. Rf1 Qxd6 37. Bxe5 1-0

[Event "Aeroflot Open 2008 A2"]
[Site "Moscu RUS"]
[Date "2008.02.15"]
[Round "2.2"]
[White "Krapivin, Alexander"]
[Black "Iljin, Artem"]
[Result "1-0"]
[WhiteElo "2483"]
[BlackElo "2548"]
[PlyCount "95"]
[EventDate "2008.02.14"]
[EventType "swiss"]
[EventRounds "9"]
[EventCountry "RUS"]
[Source "lmi"]
[SourceDate "2008.02.14"]

1. e4 c5 2. Nc3 Nc6 3. g3 g6 4. Bg2 Bg7 5. d3 d6 6. Be3 Rb8 7. Qd2 b5 8. f4 b4
9. Nd1 e6 10. Nf3 Nge7 11. O-O O-O 12. c3 bxc3 13. bxc3 Qa5 14. Rc1 Ba6 15. Nh4
f5 16. exf5 exf5 17. Nf3 c4 18. d4 Nd5 19. Bf2 Rfe8 20. Ne3 Nce7 21. Rfe1 Nxe3
22. Qxe3 Bc8 23. Nd2 d5 24. Nf3 Bd7 25. Ne5 Nc6 26. Qd2 Nxe5 27. dxe5 Be6 28.
Rb1 Bf8 29. Red1 Kg7 30. Qd4 Qxa2 31. Ra1 Qc2 32. Rdc1 Qb2 33. Rxa7+ Kh8 34.
Rca1 Rb5 35. R7a2 Qb3 36. Qd2 Rb7 37. Bf3 Qb5 38. Bd1 Reb8 39. Ba4 Qa6 40. Bd7
Rb1+ 41. Rxb1 Rxb1+ 42. Kg2 Qb7 43. Bxe6 d4+ 44. Kh3 Qc6 45. Qxd4 Qxe6 46. Qd8
Qe7 47. Qxe7 Bxe7 48. Ra7 1-0

[Event "Aeroflot Open 2008 A2"]
[Site "Moscu RUS"]
[Date "2008.02.15"]
[Round "2.3"]
[White "Novikov, Stanislav"]
[Black "Kalegin, Evgenij"]
[Result "1/2-1/2"]
[WhiteElo "2545"]
[BlackElo "2480"]
[PlyCount "125"]
[EventDate "2008.02.14"]
[EventType "swiss"]
[EventRounds "9"]
[EventCountry "RUS"]
[Source "lmi"]
[SourceDate "2008.02.14"]

1. e4 c5 2. Nf3 e6 3. d3 Nc6 4. g3 Nge7 5. Bg2 g6 6. c3 Bg7 7. h4 h6 8. O-O d5
9. Nbd2 b6 10. Re1 a5 11. a4 Ra7 12. exd5 exd5 13. Nb1 O-O 14. Na3 Bg4 15. Nb5
Rd7 16. Bf4 d4 17. c4 f6 18. Qd2 g5 19. Nh2 gxf4 20. Nxg4 h5 21. Nh2 fxg3 22.
fxg3 Ne5 23. Bh3 f5 24. Rf1 Qb8 25. Qe2 Bh6 26. Qxh5 Be3+ 27. Kg2 Qb7+ 28. Nf3
N7g6 29. Bxf5 Rh7 30. Be4 Qg7 31. Qxh7+ Qxh7 32. Nxe5 Qh5 33. Rxf8+ Nxf8 34.
Nf3 Ng6 35. Nd6 Nf4+ 36. gxf4 Qg4+ 37. Kh1 Qh3+ 38. Nh2 Bxf4 39. Rg1+ Kf8 40.
Rg2 Bxd6 41. Kg1 Qxh4 42. Nf3 Qf4 43. Rg6 Be7 44. Rxb6 Qg3+ 45. Kf1 Bd6 46. Ke2
Qg2+ 47. Kd1 Qf1+ 48. Kc2 Qe2+ 49. Nd2 Qh2 50. Kd1 Bf4 51. Nf3 Qh1+ 52. Kc2
Qc1+ 53. Kb3 Qd1+ 54. Ka3 Ke7 55. Rb5 Qb1 56. Rb7+ Kd8 57. Rh7 Qa1+ 58. Kb3
Qd1+ 59. Ka3 Qa1+ 60. Kb3 Qd1+ 61. Ka3 Qa1+ 62. Kb3 Qd1+ 63. Ka3 1/2-1/2

[Event "Aeroflot Open 2008 A2"]
[Site "Moscu RUS"]
[Date "2008.02.16"]
[Round "3.2"]
[White "Askarov, Marat"]
[Black "Krapivin, Alexander"]
[Result "1-0"]
[WhiteElo "2521"]
[BlackElo "2483"]
[PlyCount "69"]
[EventDate "2008.02.14"]
[EventType "swiss"]
[EventRounds "9"]
[EventCountry "RUS"]
[Source "lmi"]
[SourceDate "2008.02.14"]

1. c4 e6 2. d4 d5 3. Nc3 c6 4. e4 dxe4 5. Nxe4 Be7 6. Nf3 Nf6 7. Bd3 b6 8. O-O
Bb7 9. Qe2 Nbd7 10. Rd1 Nxe4 11. Bxe4 Nf6 12. Bc2 Qc7 13. Ne5 Bd6 14. Bf4 Nd7
15. Bg3 Bxe5 16. dxe5 O-O-O 17. Rd6 c5 18. Rad1 Nb8 19. Qg4 g6 20. Bh4 Rxd6 21.
exd6 Qd7 22. Be7 Re8 23. Qh4 a6 24. Qxh7 Nc6 25. Qxf7 Nxe7 26. dxe7 Qxe7 27.
Bxg6 Qxf7 28. Bxf7 Re7 29. Bh5 Rg7 30. f3 e5 31. Re1 Re7 32. Bg6 Kc7 33. h4 Kd6
34. h5 Rg7 35. Kf2 1-0

[Event "Aeroflot Open 2008 A2"]
[Site "Moscu RUS"]
[Date "2008.02.16"]
[Round "3.3"]
[White "Safin, Shukhrat"]
[Black "Potapov, Alexander"]
[Result "1-0"]
[WhiteElo "2493"]
[BlackElo "2395"]
[PlyCount "87"]
[EventDate "2008.02.14"]
[EventType "swiss"]
[EventRounds "9"]
[EventCountry "RUS"]
[Source "lmi"]
[SourceDate "2008.02.14"]

1. d4 f5 2. g3 Nf6 3. Bg2 g6 4. c4 Bg7 5. Nf3 O-O 6. O-O d6 7. Nc3 Qe8 8. d5 a5
9. e4 fxe4 10. Ng5 Na6 11. Ncxe4 Nxe4 12. Nxe4 h6 13. Be3 g5 14. Qe2 Qg6 15. g4
Be5 16. Ng3 Rf4 17. h3 b6 18. Nh5 Nc5 19. Rad1 Ba6 20. Nxf4 gxf4 21. Bd4 Nd7
22. Be4 Qg5 23. Bf5 Bxd4 24. Bxd7 Be5 25. b3 Rf8 26. Qf3 Kg7 27. Kg2 Qh4 28.
Rfe1 Bb7 29. Re4 Rf6 30. Rde1 Qg5 31. Kf1 Rf8 32. Rxe5 dxe5 33. Qc3 Qf6 34.
Qxe5 Qxe5 35. Rxe5 Kf7 36. Ke2 Rd8 37. Be6+ Kg6 38. Kf3 a4 39. Kxf4 axb3 40.
axb3 Ra8 41. h4 Ra2 42. f3 Rb2 43. h5+ Kg7 44. Rf5 1-0

[Event "Aeroflot Open 2008 A2"]
[Site "Moscu RUS"]
[Date "2008.02.17"]
[Round "4.1"]
[White "Safin, Shukhrat"]
[Black "Askarov, Marat"]
[Result "1/2-1/2"]
[WhiteElo "2493"]
[BlackElo "2521"]
[PlyCount "74"]
[EventDate "2008.02.14"]
[EventType "swiss"]
[EventRounds "9"]
[EventCountry "RUS"]
[Source "lmi"]
[SourceDate "2008.02.14"]

1. d4 Nf6 2. c4 e6 3. Nf3 c5 4. e3 cxd4 5. exd4 d5 6. Nc3 Be7 7. cxd5 Nxd5 8.
Bd3 O-O 9. O-O Nc6 10. Re1 Nf6 11. a3 b6 12. Be3 Bb7 13. Qe2 Rc8 14. Rad1 Nd5
15. Nxd5 Qxd5 16. Bc4 Qh5 17. d5 Na5 18. Ba2 Bxd5 19. Bxd5 exd5 20. Bxb6 Nc6
21. Be3 Bf6 22. b4 Rfd8 23. b5 Na5 24. Bxa7 Bc3 25. Bb6 Rf8 26. Bxa5 Bxa5 27.
Qe5 Qg4 28. Rf1 Qa4 29. Rd3 Bb6 30. Qxd5 Rc5 31. Qb3 Qxb5 32. Rb1 Qc6 33. Rdd1
Ba7 34. Qb7 Qa4 35. Qb4 Rc4 36. Qxa4 Rxa4 37. Rb3 Bc5 1/2-1/2

[Event "Aeroflot Open 2008 A2"]
[Site "Moscu RUS"]
[Date "2008.02.17"]
[Round "4.2"]
[White "Iljushin, Alexei"]
[Black "Maslak, Konstantin"]
[Result "1/2-1/2"]
[WhiteElo "2549"]
[BlackElo "2510"]
[PlyCount "30"]
[EventDate "2008.02.14"]
[EventType "swiss"]
[EventRounds "9"]
[EventCountry "RUS"]
[Source "lmi"]
[SourceDate "2008.02.14"]

1. d4 Nf6 2. c4 g6 3. Nc3 d5 4. Bg5 Ne4 5. Bh4 Nxc3 6. bxc3 dxc4 7. e3 Be6 8.
Be2 Bg7 9. Nf3 c5 10. O-O O-O 11. Rb1 Qc7 12. Qa4 Bf5 13. Rbc1 Bd3 14. Bxd3
cxd3 15. Qc4 e6 1/2-1/2

[Event "Aeroflot Open 2008 A2"]
[Site "Moscu RUS"]
[Date "2008.02.18"]
[Round "5.1"]
[White "Askarov, Marat"]
[Black "Novikov, Stanislav"]
[Result "1-0"]
[WhiteElo "2521"]
[BlackElo "2545"]
[PlyCount "123"]
[EventDate "2008.02.14"]
[EventType "swiss"]
[EventRounds "9"]
[EventCountry "RUS"]
[Source "lmi"]
[SourceDate "2008.02.14"]

1. d4 d6 2. c4 e5 3. Nf3 e4 4. Ng5 f5 5. Nc3 Be7 6. h4 c6 7. g4 h6 8. Nh3 fxg4
9. Nf4 Nf6 10. Ng6 Rg8 11. Bg2 Bf5 12. h5 Nbd7 13. Bf4 Bxg6 14. hxg6 Qa5 15. d5
Ne5 16. Bxe5 dxe5 17. dxc6 bxc6 18. O-O Bc5 19. Nxe4 Nxe4 20. Bxe4 Rd8 21.
Bxc6+ Ke7 22. Bd5 Rgf8 23. b4 Qxb4 24. Rb1 Qc3 25. e3 h5 26. Rb3 Qa5 27. Qc2
Kf6 28. Rb7 Rb8 29. Rf7+ Rxf7 30. gxf7 Qa6 31. Qe4 Qa3 32. Qh7 Qxa2 33. Qxh5
Qc2 34. Qh4+ g5 35. Qxg4 Qf5 36. Qxf5+ Kxf5 37. Ra1 Bb6 38. Ra6 e4 39. Kg2 Rh8
40. Ra2 Kf6 41. Rc2 Ke5 42. Rb2 Bc5 43. Rb5 Bd6 44. Ra5 Bb8 45. Ra6 Rf8 46.
Re6+ Kf5 47. Re8 Bd6 48. Bxe4+ Kf6 49. Bd5 Kg7 50. Re6 Bb4 51. Ra6 Bc5 52. Rc6
Bb4 53. Kf3 a5 54. Ra6 Rh8 55. Kg4 Rh6 56. Ra8 Rf6 57. f3 Bc5 58. Rc8 Bf8 59.
Kxg5 Ra6 60. Rc6 Rxc6 61. Bxc6 Kxf7 62. Kf5 1-0

[Event "Aeroflot Open 2008 A2"]
[Site "Moscu RUS"]
[Date "2008.02.18"]
[Round "5.3"]
[White "Dvoirys, Semen I"]
[Black "Gubajdullin, Alexei"]
[Result "1/2-1/2"]
[WhiteElo "2549"]
[BlackElo "2504"]
[PlyCount "85"]
[EventDate "2008.02.14"]
[EventType "swiss"]
[EventRounds "9"]
[EventCountry "RUS"]
[Source "lmi"]
[SourceDate "2008.02.14"]

1. c4 g6 2. Nc3 Bg7 3. g3 c5 4. Bg2 Nc6 5. e3 e6 6. Nge2 Nge7 7. d4 cxd4 8.
Nxd4 Nxd4 9. exd4 d5 10. cxd5 Nxd5 11. Nxd5 exd5 12. Qa4+ Bd7 13. Qb4 Qe7+ 14.
Qxe7+ Kxe7 15. Bxd5 Bxd4 16. O-O Be6 17. Re1 Rhd8 18. Bxe6 fxe6 19. Bf4 Rac8
20. Re2 Bf6 21. Rae1 Rc6 22. Kg2 Rd5 23. b3 a6 24. h4 Kf7 25. Re4 Rd4 26. R4e3
Rd5 27. R1e2 Ke7 28. Re4 Kf7 29. Bh6 Rh5 30. Bd2 Rd5 31. Bb4 Be7 32. R2e3 Bxb4
33. Rxb4 b6 34. g4 e5 35. Rbe4 Rd4 36. Rxd4 exd4 37. Rd3 Rc2 38. Rxd4 Rxa2 39.
Rd7+ Kg8 40. Kf3 Rb2 41. Rd8+ Kg7 42. Rd7+ Kg8 43. Rd8+ 1/2-1/2

[Event "Aeroflot Open 2008 A2"]
[Site "Moscu RUS"]
[Date "2008.02.18"]
[Round "5.4"]
[White "Ostrovskiy, Andrey"]
[Black "Iljushin, Alexei"]
[Result "1/2-1/2"]
[WhiteElo "2430"]
[BlackElo "2549"]
[PlyCount "131"]
[EventDate "2008.02.14"]
[EventType "swiss"]
[EventRounds "9"]
[EventCountry "RUS"]
[Source "lmi"]
[SourceDate "2008.02.14"]

1. e4 c5 2. Nf3 Nc6 3. d4 cxd4 4. Nxd4 Nf6 5. Nc3 d6 6. Bc4 e5 7. Nf3 h6 8. O-O
Be7 9. a3 O-O 10. Be3 Be6 11. Qd3 Rc8 12. Nd5 Na5 13. Nxf6+ Bxf6 14. Bxe6 fxe6
15. b3 d5 16. Rad1 d4 17. Bd2 b6 18. Qa6 Rxc2 19. Bxa5 bxa5 20. Qxe6+ Kh8 21.
Nxe5 Bxe5 22. Qxe5 d3 23. Qg3 d2 24. Qe3 Re8 25. e5 Qd5 26. f4 Rb8 27. e6 Rxb3
28. Qe5 Qxe5 29. fxe5 Re3 30. Rxd2 Rxd2 31. e7 Rxe5 32. Rf8+ Kh7 33. e8=Q Rxe8
34. Rxe8 Rd3 35. Re7 Rxa3 36. Rxa7 Kg6 37. Kf2 Kf6 38. h4 h5 39. Rb7 Ra2+ 40.
Kf3 Ra3+ 41. Kf2 Ra4 42. Rb5 Rf4+ 43. Ke3 Rf5 44. Rb6+ Kf7 45. Ra6 Rb5 46. g3
g6 47. Kf4 Rb4+ 48. Ke5 a4 49. Rf6+ Kg7 50. Ra6 Rg4 51. Ra7+ Kf8 52. Ke6 Rxg3
53. Rxa4 Kg7 54. Ke5 Rf3 55. Rb4 Rf7 56. Rb6 Rf1 57. Rb4 Kh6 58. Ra4 Rf5+ 59.
Ke4 Rf6 60. Ke5 Rb6 61. Kf4 Rb3 62. Rc4 Rh3 63. Ke5 Rg3 64. Ra4 Rg4 65. Rxg4
hxg4 66. Ke4 1/2-1/2

[Event "Aeroflot Open 2008 A2"]
[Site "Moscu RUS"]
[Date "2008.02.19"]
[Round "6.1"]
[White "Vorobiov, Evgeny E"]
[Black "Askarov, Marat"]
[Result "0-1"]
[WhiteElo "2537"]
[BlackElo "2521"]
[PlyCount "110"]
[EventDate "2008.02.14"]
[EventType "swiss"]
[EventRounds "9"]
[EventCountry "RUS"]
[Source "lmi"]
[SourceDate "2008.02.14"]

1. d4 Nf6 2. c4 e6 3. Nf3 c5 4. d5 b5 5. dxe6 fxe6 6. cxb5 a6 7. Bg5 axb5 8. e4
Qa5+ 9. Bd2 b4 10. e5 Nd5 11. Na3 Nc6 12. Nc4 Qc7 13. Bd3 Ba6 14. Qe2 Be7 15.
Qe4 Na5 16. b3 Nxc4 17. bxc4 Nb6 18. Qg4 g6 19. O-O Bb7 20. Rfe1 Ra3 21. Re3
Bxf3 22. gxf3 Qa7 23. Rd1 Qa4 24. f4 Rxa2 25. Rh3 Kd8 26. Bc1 Kc7 27. Bb1 Ra1
28. Bb2 Rxb1 29. Rxb1 Qc2 30. Qd1 Qxd1+ 31. Rxd1 Nxc4 32. Bc1 Nb6 33. Kf1 c4
34. Ke2 Nd5 35. Rd4 c3 36. Kd3 Kc6 37. Kc4 Ra8 38. Rxh7 Ra1 39. Rd1 c2 40. Rxd5
exd5+ 41. Kb3 Bc5 42. Kxc2 b3+ 43. Kb2 Bd4+ 44. Kxb3 Rxc1 45. Rg7 Rg1 46. f5
Bxe5 47. Rxg6+ Rxg6 48. fxg6 Kd6 49. f4 Bd4 50. Kc2 Ke6 51. Kd3 Bg7 52. h4 Kf5
53. h5 Bb2 54. Ke3 Kf6 55. Kf3 Bc1 0-1

[Event "Aeroflot Open 2008 A2"]
[Site "Moscu RUS"]
[Date "2008.02.19"]
[Round "6.3"]
[White "Safin, Shukhrat"]
[Black "Magomedov, Magaram"]
[Result "1/2-1/2"]
[WhiteElo "2493"]
[BlackElo "2530"]
[PlyCount "122"]
[EventDate "2008.02.14"]
[EventType "swiss"]
[EventRounds "9"]
[EventCountry "RUS"]
[Source "lmi"]
[SourceDate "2008.02.14"]

1. d4 d5 2. Nf3 Nf6 3. c4 c6 4. cxd5 cxd5 5. Nc3 Nc6 6. Bf4 e6 7. e3 Bd6 8. Bg3
Bxg3 9. hxg3 Qd6 10. Bd3 Bd7 11. Rc1 h6 12. a3 O-O 13. Rh4 e5 14. dxe5 Nxe5 15.
Nxe5 Qxe5 16. Be2 Rfc8 17. Qd4 Qe7 18. Rd1 Be6 19. Qb4 Qc7 20. Bf3 Qe5 21. Qf4
Qxf4 22. Rxf4 Rc5 23. Rfd4 Rd8 24. Kd2 Rd7 25. Rc1 Kf8 26. Ne2 Rxc1 27. Nxc1 h5
28. Ne2 Ke7 29. Nc3 g6 30. Be2 Ne4+ 31. Nxe4 dxe4 32. Rxd7+ Kxd7 33. Kc3 Kd6
34. Kd4 f5 35. b4 b6 36. Bb5 Bf7 37. Ba4 a6 38. Bd1 b5 39. a4 Bc4 40. axb5 axb5
41. f3 exf3 42. Bxf3 Bf1 43. e4 fxe4 44. Kxe4 Ke6 45. g4 Kf6 46. gxh5 gxh5 47.
g3 Kg5 48. Kd4 Bc4 49. Ke3 Bf1 50. Bc6 Kg4 51. Kf2 Bc4 52. Bd7+ Kg5 53. Ke3 Bf1
54. Kd4 Be2 55. Bh3 Bc4 56. Ke3 Kf6 57. Kf4 Be2 58. Bf5 Bf1 59. Bd7 Kg6 60. Bc6
Be2 61. Be8+ Kh6 1/2-1/2

[Event "Aeroflot Open 2008 A2"]
[Site "Moscu RUS"]
[Date "2008.02.19"]
[Round "6.4"]
[White "Zhou, Weiqi"]
[Black "Dvoirys, Semen I"]
[Result "1-0"]
[WhiteElo "2530"]
[BlackElo "2549"]
[PlyCount "105"]
[EventDate "2008.02.14"]
[EventType "swiss"]
[EventRounds "9"]
[EventCountry "RUS"]
[Source "lmi"]
[SourceDate "2008.02.14"]

1. d4 Nf6 2. c4 g6 3. Nf3 Bg7 4. g3 O-O 5. Bg2 d6 6. O-O Nbd7 7. Nc3 e5 8. e4
exd4 9. Nxd4 Re8 10. h3 c6 11. b3 d5 12. exd5 cxd5 13. cxd5 Nb6 14. d6 Qxd6 15.
Ndb5 Qxd1 16. Rxd1 Nfd5 17. Bxd5 Nxd5 18. Rxd5 a6 19. Nd4 Re1+ 20. Kg2 Be6 21.
Rd6 Be5 22. Bf4 Bxf4 23. Rxe1 Bxd6 24. Nxe6 Re8 25. Nd5 Rxe6 26. Rxe6 fxe6 27.
Nf6+ Kh8 28. Kf3 Bb4 29. Ne4 Kg7 30. Ng5 e5 31. Ke4 h6 32. Nf3 Bc5 33. Kxe5
Bxf2 34. g4 Kf7 35. Kd6 Kf6 36. b4 h5 37. a4 hxg4 38. hxg4 Bg3+ 39. Kd7 Bf4 40.
a5 Bc1 41. Kc7 Ba3 42. b5 axb5 43. Kxb7 Bc1 44. Nd4 Be3 45. Nxb5 Kg5 46. a6
Kxg4 47. Nc3 g5 48. Nd5 Bd4 49. Nb6 Kf3 50. a7 g4 51. a8=Q g3 52. Qf8+ Ke2 53.
Nd5 1-0